000 00686nam a2200217 a 4500
001 000042386
005 20201002040124.0
008 131127s1987 mx a r 000 0 spa d
020 _a9681622855
040 _aDO-SdBNP
_bspa
_cBNPHU
082 _axxxx
_bxxxx
100 1 _aKrauze, Enrique
_969482
245 1 3 _aEl amor a la tierra Emiliano Zapata /
_cEnrique Krsuze.
260 _aMéxico, :
_bFondo de cultura económica,
_c1987.
300 _a129 p. :
_bil. ;
_c27 cm.
490 1 _aBiografía del poder
_v3
500 _aIncluye notas al pie de las páginas
504 _aBibliografía : p. 128- 129
590 _aInventariado, 2019/BT
830 0 _aBiografía del poder
_n3
_969483
999 _c41875
_d41875